000 00507nam a22001937a 4500
003 NUST - PNEC
005 20170116181113.0
008 151004b xxu||||| |||| 00| 0 eng d
020 _a0803641416
020 _a0830641424
040 _cLibrary
082 _a621.4340288 DEM
100 _913067
_aDempsey, Paul
245 _aSmall gas engine repair
_cPaul Dempsey
250 _a2nd ed.
260 _cc.1993
650 _913072
_aSmall gasoline engines--Maintenance and repair
_xME
942 _2ddc
_cBK
999 _c69228
_d69228